000 01053nam a22003017a 4500
003 CHAP
005 20220817044524.0
008 120524s2011 it rn 00010 eng d
010 _a103210
011 _a104182
035 _a114872
040 _cCHAP
082 0 4 _a305.563
_bF21f
110 2 _aFAO
245 1 4 _aLe rôle des organisations de productrices dans les Chaînes de valeur des produits agricoles :
_benseingnements pratiques tirés d'expériences en Afrique et en Inde
_c/por Aziz Elbehri y Maria Lee
260 _aRoma :
_bFAO,
_c2011
300 _avi, 57 p. :
_blus.
590 _aBATCH-UPD
_b10
_c20130110
_lUCH01
_h1623
590 _aCONVERSION
_b10
_c20130109
_lUCH01
_h1357
650 1 4 _aMujer en agricultura.
_979359
650 1 4 _aMujer en comunidades rurales
_xAfrica.
_979361
650 1 4 _aMujer en comunidades rurales
_zIndia.
_979389
700 1 _aElbehri, Aziz
_936186
700 1 _aLee, Maria
_965589
901 _aBK
942 _cLIBRO
949 _a305.563 F21f
_bBC
_cFAO
_d33724002332413
_eFAO1
_gDonaciØn
_h116667
_i114872
_sb
999 _c103210
_d103210